KOHA-Header-6

The Greatest Secret (Record no. 13093)

000 -LEADER
fixed length control field 00255nam a22001217a 4500
020 ## - INTERNATIONAL STANDARD BOOK NUMBER
ISBN 9780008447373
082 ## - DEWEY DECIMAL CLASSIFICATION NUMBER
Classification number 158.1
100 ## - MAIN ENTRY--AUTHOR NAME
Personal name Rhonda Byrne
245 ## - TITLE STATEMENT
Title The Greatest Secret
260 ## - PUBLICATION, DISTRIBUTION, ETC. (IMPRINT)
Place of publication Italy
Name of publisher Thorsons
Year of publication 2020
300 ## - PHYSICAL DESCRIPTION
Number of Pages 256 pages
942 ## - ADDED ENTRY ELEMENTS (KOHA)
Koha item type Books
Holdings
Withdrawn status Lost status Collection code Permanent Location Current Location Shelving location Date acquired Full call number Accession Number Koha item type
    English Literature MAJU MAJU Shelf No.A15 2021-05-25 158.1 10197 English Literature

Powered by Koha